| 000 | 00409nam a22001697a 4500 | ||
|---|---|---|---|
| 005 | 20160622122711.0 | ||
| 008 | 160622b xxu||||| |||| 00| 0 eng d | ||
| 020 | _a978-81-203-3042-9 | ||
| 041 | _aeng | ||
| 082 | _b9011 | ||
| 100 |
_aBerman, Bary and Evans, Joel R _92504 |
||
| 245 | _aRetail Management. A Strategic Approch | ||
| 260 | _bPHI | ||
| 300 | _a633 | ||
| 650 |
_aManagement _9241 |
||
| 942 | _cBK | ||
| 999 |
_c3559 _d3558 |
||